| 000 | 00000nas 2200000za 4500 |
| 001 | 9.819425 |
| 003 | CaOODSP |
| 005 | 20221107142945 |
| 007 | cr ||||||||||| |
| 008 | 160614d19651987oncar p oss f000#b0fre|d |
| 022 | |y0575-8262 |
| 040 | |aCaOODSP|bfre |
| 041 | |aeng|afre |
| 043 | |an-cn--- |
| 086 | 1 |aCS61-207-PDF |
| 245 | 00|aCorporation financial statistics |h[ressource électronique] / |cDominion Bureau of Statistics, Corporations and Labour Unions Returns Division = Statistique financière des sociétés / Bureau fédéral de la statistique, Division des déclarations des corporations et des syndicats ouvriers. |
| 246 | 11|aStatistique financière des sociétés |
| 260 | |a[Ottawa] : |bDominion Bureau of Statistics = Bureau fédéral de la statistique, |c1968-1990. |
| 310 | |aAnnuel |
| 362 | 0 |a1965-1987. |
| 500 | |aÉdition numérisée de l’imprimé [par Statistique Canada]. |
| 500 | |aLa livr. pour 1987 contient des erreurs. |
| 546 | |aTexte en anglais et en français. |
| 550 | |aPublié 1965-1968 Division des déclarations des corporations et des syndicats ouvriers ; 1969, Statistique Canada, Division des déclarations des corporations et des syndicats ouvriers ; 1970-1976, Division des finances des entreprises ;1977-1987, Section de la recherche en statistique financière, fiscale et générale. |
| 580 | |aFait suite à une partie de : Taxation statistics. |
| 692 | 07|2gccst|aSociétés |
| 692 | 07|2gccst|aFinances |
| 710 | 1 |aCanada.|bBureau fédéral de la statistique.|bDivision des déclarations des corporations et des syndicats ouvriers. |
| 710 | 1 |aCanada. |bStatistique Canada. |bDivision des déclarations des corporations et des syndicats ouvriers. |
| 710 | 2 |aStatistique Canada.|bSection de la recherche en statistique financière, fiscale et générale. |
| 710 | 1 |aCanada. |bStatistique Canada. |bDivision des finances des entreprises. |
| 791 | |tCorporation financial statistics |eeng|w(CaOODSP)9.819420 |